000 nam a22 7a 4500
999 _c328444
_d328444
003 Nust
005 20170407112608.0
008 170407b xxu||||| |||| 00| 0 eng d
020 _a9780007267361
040 _cNust
082 _a823
_bWHI
100 _aWhite, Neil
245 _aFallen idols /
_cby Neil White
260 _aNew Delhi:
_bHarpercollins,
_c2007
300 _a518 p.
650 _aFiction
942 _2ddc
_cBK